[Event "I C.to Italiano a squadre femminile"]
[Site "Arvier ITA"]
[Date "2008.05.03"]
[Round "4"]
[White "Sedani, Elisa"]
[Black "Lattanzi, Francesca"]
[Result "1-0"]
[WhiteElo "1577"]
[BlackElo "1338"]
[PlyCount "53"]
[EventDate "2008.05.02"]

1. e4 e5 2. Nf3 Nc6 3. d4 Bd6 4. Bc4 Nf6 5. Nc3 O-O 6. O-O Bb4 7. dxe5 Ng4 8.
Nd5 Ngxe5 9. Nxe5 Nxe5 10. Nxb4 Nxc4 11. Qd4 Na5 12. b3 f5 13. Qd5+ Rf7 14.
Qxa5 fxe4 15. Bb2 d6 16. Rfd1 Bg4 17. Re1 c5 18. Qxd8+ Rxd8 19. Nd5 Re8 20. Nc3
Bd7 21. Rad1 d5 22. Rxd5 b6 23. Red1 Ref8 24. Rxd7 Rxf2 25. Rxg7+ Kh8 26. Rg5
R8f6 27. Rd8+ 1-0

[Event "I C.to Italiano a squadre femminile"]
[Site "Arvier ITA"]
[Date "2008.05.04"]
[Round "5"]
[White "Banki, Brigitta"]
[Black "Goi, Veronika"]
[Result "1/2-1/2"]
[WhiteElo "1792"]
[BlackElo "1923"]
[PlyCount "60"]
[EventDate "2008.05.02"]

1. e4 e6 2. d4 d5 3. exd5 exd5 4. c3 Bd6 5. Nf3 Ne7 6. g3 c6 7. Bg2 Qc7 8. b3
b6 9. Nbd2 Bb7 10. Qc2 Nd7 11. a4 a5 12. Ba3 c5 13. dxc5 bxc5 14. O-O O-O 15.
Rab1 Rfc8 16. Rfe1 Nf6 17. Nh4 Qd7 18. Ndf3 Ne4 19. Bc1 Rab8 20. Ng5 Nxg5 21.
Bxg5 f6 22. Bd2 Bc6 23. c4 d4 24. Bxa5 Bxg2 25. Nxg2 Nc6 26. Bd2 Bc7 27. Nf4
Bxf4 28. Bxf4 Nb4 29. Qd1 Rb7 30. Qf3 30... Ra7 {...} 1/2-1/2

[Event "I C.to Italiano a squadre femminile"]
[Site "Arvier ITA"]
[Date "2008.05.04"]
[Round "5"]
[White "Barbiso, Tiziana"]
[Black "Panella, Fiammetta"]
[Result "0-1"]
[WhiteElo "1970"]
[BlackElo "2042"]
[PlyCount "60"]
[EventDate "2008.05.02"]

1. e4 c5 2. Nc3 e6 3. f4 Nc6 4. Nf3 a6 5. a4 d5 6. e5 Qc7 7. Be2 Bd7 8. O-O f6
9. d3 Nge7 10. Qe1 Nf5 11. exf6 gxf6 12. Nh4 Nxh4 13. Qxh4 O-O-O 14. f5 Bd6 15.
Bf4 Nd4 16. fxe6 Bxe6 17. Bxd6 Qxd6 18. Rxf6 Qd7 19. Raf1 Rhg8 20. Bh5 Nf5 21.
Qe1 Nd4 22. Bf7 Bxf7 23. Rxf7 Qg4 24. Qf2 h5 25. Nd1 Rde8 26. Rf4 Ne2+ 27. Kh1
Nxf4 28. Qxc5+ Kb8 29. Qd6+ Ka8 30. g3 Re1 0-1

[Event "I C.to Italiano a squadre femminile"]
[Site "Arvier ITA"]
[Date "2008.05.04"]
[Round "5"]
[White "Brunello, Roberta"]
[Black "Sedani, Elisa"]
[Result "1-0"]
[WhiteElo "1936"]
[BlackElo "1577"]
[PlyCount "74"]
[EventDate "2008.05.02"]

1. e4 c5 2. c3 d6 3. Nf3 Nf6 4. e5 dxe5 5. Nxe5 a6 6. Bc4 e6 7. d4 cxd4 8. cxd4
Be7 9. O-O O-O 10. Be3 Nbd7 11. Qf3 Qc7 12. Nxd7 Bxd7 13. Nd2 Rac8 14. Bb3 Bb5
15. Rfe1 Rfd8 16. Nf1 Bc6 17. Qe2 Nd5 18. Rac1 Qd7 19. Nd2 Bb4 20. Rcd1 Rc7 21.
a3 Ba5 22. Qg4 Rdc8 23. Bh6 g6 24. h4 Bxd2 25. Rxd2 Nf6 26. Qf4 Nd5 27. Qe5 f6
28. Qxe6+ Qxe6 29. Rxe6 Kh8 30. Bxd5 Bxd5 31. Rxf6 Rc1+ 32. Kh2 Rf1 33. Re2 Rg8
34. Rd6 Bc4 35. Re7 Rxf2 36. Rdd7 Rf7 37. Rxf7 Bxf7 1-0

[Event "I C.to Italiano a squadre femminile"]
[Site "Arvier ITA"]
[Date "2008.05.04"]
[Round "5"]
[White "Compagnoni, Ilaria"]
[Black "Capuano, Francesca"]
[Result "0-1"]
[WhiteElo "1323"]
[BlackElo "1914"]
[PlyCount "46"]
[EventDate "2008.05.02"]

1. e4 e5 2. Nf3 Nf6 3. Nc3 Nc6 4. Bc4 Nxe4 5. Nxe4 d5 6. Bd3 dxe4 7. Bxe4 Bd6
8. d3 Bg4 9. O-O Qd7 10. Bd2 O-O 11. Re1 f6 12. h3 Be6 13. Qe2 Ne7 14. Rad1 c6
15. c4 Rae8 16. b4 f5 17. c5 Bb8 18. Bc3 Ng6 19. d4 fxe4 20. dxe5 exf3 21. gxf3
Qf7 22. Bd2 Bxe5 23. Bg5 Bd5 0-1

[Event "I C.to Italiano a squadre femminile"]
[Site "Arvier ITA"]
[Date "2008.05.04"]
[Round "5"]
[White "Costantini, Laura"]
[Black "Ivaldi, Chiara"]
[Result "1-0"]
[WhiteElo "2029"]
[BlackElo "1350"]
[PlyCount "85"]
[EventDate "2008.05.02"]

1. e4 e5 2. Nf3 Nc6 3. Bc4 Nf6 4. d3 Bc5 5. c3 O-O 6. O-O d6 7. b4 Bb6 8. Nbd2
Nh5 9. Nxe5 Nf4 10. Nxc6 bxc6 11. Nf3 Ng6 12. d4 Nh4 13. Nxh4 Qxh4 14. Bd3 d5
15. e5 Re8 16. Bd2 Bg4 17. Qc2 Re6 18. f3 Bh5 19. Bxh7+ Kf8 20. Bf5 Ree8 21. g3
Qd8 22. g4 g6 23. gxh5 gxf5 24. Bh6+ Ke7 25. Bg5+ Kd7 26. Bxd8 Kxd8 27. Qxf5
Re7 28. h6 Re8 29. h7 a6 30. Qxf7 Rh8 31. e6 Kc8 32. e7 Kb7 33. Kh1 a5 34. Rg1
Ka6 35. Rg8 Raxg8 36. hxg8=Q Rxg8 37. Qxg8 Kb5 38. a4+ Kc4 39. e8=Q axb4 40.
Qxc6+ Kd3 41. Qgg6+ Ke3 42. Qce6+ Kxf3 43. Rf1# 1-0

[Event "I C.to Italiano a squadre femminile"]
[Site "Arvier ITA"]
[Date "2008.05.04"]
[Round "5"]
[White "Evangelista, Chiara"]
[Black "Palmitessa, Chiara"]
[Result "0-1"]
[WhiteElo "1395"]
[BlackElo "1755"]
[PlyCount "78"]
[EventDate "2008.05.02"]

1. e4 e5 2. Nf3 Nc6 3. Nc3 Nf6 4. Bc4 Bc5 5. O-O O-O 6. Nd5 Nxe4 7. d3 Nf6 8.
Bg5 Be7 9. Re1 Nxd5 10. Nxe5 Nxe5 11. Rxe5 Bxg5 12. Bxd5 d6 13. Re4 Bf5 14. Re1
c6 15. Be4 Bxe4 16. Rxe4 Qb6 17. Qe1 Qxb2 18. c4 Qd2 19. Qe2 Qxe2 20. Rxe2 Rfe8
21. Rae1 Rxe2 22. Rxe2 Kf8 23. Re4 Re8 24. Rxe8+ Kxe8 25. a4 a6 26. g3 b5 27.
h4 bxa4 28. hxg5 a3 29. f4 a2 30. Kh2 a1=Q 31. Kh3 Qf1+ 32. Kg4 Qxd3 33. Kh4
Qxc4 34. Kg4 h6 35. gxh6 Qe6+ 36. Kg5 gxh6+ 37. Kh4 Qf5 38. g4 Qxf4 39. Kh5
Qg5# 0-1

[Event "I C.to Italiano a squadre femminile"]
[Site "Arvier ITA"]
[Date "2008.05.04"]
[Round "5"]
[White "Palmitessa, Irene"]
[Black "Lattanzi, Francesca"]
[Result "1-0"]
[WhiteElo "1708"]
[BlackElo "1338"]
[PlyCount "91"]
[EventDate "2008.05.02"]

1. e4 e5 2. Nf3 Nc6 3. Nc3 Nf6 4. Bc4 Bc5 5. d3 d6 6. h3 Be6 7. Bb3 O-O 8. Bg5
Qd7 9. Bxf6 gxf6 10. Nh4 Kh8 11. Qh5 Bxb3 12. axb3 Nd4 13. Rc1 Rg8 14. Nd5 Qe6
15. Nxc7 Rg5 16. Qxg5 fxg5 17. Nxe6 gxh4 18. Nxd4 Bxd4 19. c3 Bc5 20. b4 Bb6
21. Ke2 Rg8 22. Rhg1 Rf8 23. g3 hxg3 24. Rxg3 f5 25. Rf3 f4 26. Rg1 Bd8 27. Rg4
h5 28. Rg6 Kh7 29. Rxd6 Bg5 30. Rd7+ Kh6 31. Rxb7 Ra8 32. c4 a5 33. bxa5 Rxa5
34. Rb5 Ra8 35. Rxe5 Ra2 36. Rb5 Kg6 37. Kd2 Kf6 38. Kc2 Ra8 39. c5 Kg6 40.
Rb6+ Kf7 41. d4 Bd8 42. Rxf4+ Ke7 43. Rb7+ Ke6 44. Rf8 h4 45. Re8+ Kf6 46. Rd7
1-0

[Event "I C.to Italiano a squadre femminile"]
[Site "Arvier ITA"]
[Date "2008.05.04"]
[Round "5"]
[White "Ravazzolo, Gaia"]
[Black "Messina, Roberta"]
[Result "0-1"]
[WhiteElo "1479"]
[BlackElo "1859"]
[PlyCount "64"]
[EventDate "2008.05.02"]

1. d4 Nf6 2. c4 e6 3. Nf3 b6 4. Bg5 Bb4+ 5. Nbd2 h6 6. Bxf6 Qxf6 7. a3 Bxd2+ 8.
Qxd2 Bb7 9. Qd3 d6 10. Rd1 Nd7 11. b4 Rd8 12. g3 O-O 13. Bg2 Rfe8 14. O-O e5
15. e4 exd4 16. Nxd4 Ne5 17. Qc2 c5 18. Nb5 Nf3+ 19. Kh1 Bxe4 20. Qb3 Re7 21.
Nc3 Nd4 22. Nxe4 Rxe4 23. Qd3 Re2 24. Rd2 Rde8 25. Kg1 h5 26. b5 h4 27. Rxe2
Rxe2 28. Be4 h3 29. Bh7+ Kh8 30. Be4 Qe5 31. f3 Rg2+ 32. Kh1 f5 0-1

[Event "I C.to Italiano a squadre femminile"]
[Site "Arvier ITA"]
[Date "2008.05.04"]
[Round "5"]
[White "Reginato, Sabrina"]
[Black "Brunello, Marina"]
[Result "1/2-1/2"]
[WhiteElo "1793"]
[BlackElo "2035"]
[PlyCount "91"]
[EventDate "2008.05.02"]

1. e4 e5 2. Nf3 Nc6 3. d4 exd4 4. Nxd4 Bc5 5. Nxc6 Qf6 6. Qd2 dxc6 7. Nc3 Ne7
8. Qf4 Qxf4 9. Bxf4 Bb6 10. Bd3 Be6 11. O-O O-O 12. Bg3 Ng6 13. Kh1 f5 14. exf5
Bxf5 15. Rad1 Bxd3 16. Rxd3 Rae8 17. f3 h5 18. Rd7 Rf7 19. Rxf7 Kxf7 20. Rd1 h4
21. Be1 Bd4 22. h3 Be5 23. b3 Ne7 24. Ne4 Nf5 25. Bf2 b6 26. Kg1 Bf4 27. Rd3
Re7 28. Kf1 g5 29. Rd8 Nd6 30. Ra8 Nxe4 31. fxe4 a5 32. Ra7 c5 33. Ra8 Rxe4 34.
Rd8 Re7 35. Rd3 Ke8 36. g3 hxg3 37. Bxg3 Bxg3 38. Rxg3 Re5 39. Kf2 Kf7 40. a4
Kf6 41. c4 Re4 42. Rg4 Rd4 43. Ke2 Kf5 44. Rg3 Re4+ 45. Kf2 Rf4+ 46. Ke2
1/2-1/2

[Event "I C.to Italiano a squadre femminile"]
[Site "Arvier ITA"]
[Date "2008.05.04"]
[Round "5"]
[White "Sautto, Alessandra"]
[Black "Matta, Francesca"]
[Result "1/2-1/2"]
[WhiteElo "1926"]
[BlackElo "1929"]
[PlyCount "60"]
[EventDate "2008.05.02"]

1. d4 d5 2. Nf3 Nf6 3. Bf4 c5 4. c3 Qb6 5. Qb3 e6 6. e3 Nbd7 7. Nbd2 Be7 8. h3
O-O 9. Be2 c4 10. Qc2 Qc6 11. b3 b5 12. bxc4 bxc4 13. O-O a5 14. a4 Ba6 15.
Rfb1 Ne8 16. e4 f6 17. exd5 exd5 18. Rb2 Bd6 19. Bxd6 Nxd6 20. Rab1 Rfe8 21.
Nf1 Ne4 22. Ne3 Qe6 23. Nf1 Re7 24. Nh4 Rae8 25. Bg4 Qc6 26. Nf5 Re6 27. N5e3
R6e7 28. Nf5 Re6 29. N5e3 R6e7 30. Nf5 Re6 1/2-1/2

[Event "I C.to Italiano a squadre femminile"]
[Site "Arvier ITA"]
[Date "2008.05.04"]
[Round "5"]
[White "Spennati, Giulia"]
[Black "Milu, Tatiana"]
[Result "0-1"]
[WhiteElo "1431"]
[BlackElo "1497"]
[PlyCount "108"]
[EventDate "2008.05.02"]

1. e4 e5 2. Nf3 Nc6 3. d4 exd4 4. Nxd4 Nxd4 5. Qxd4 c6 6. Bd2 Qb6 7. Qxb6 axb6
8. Bd3 Nf6 9. O-O Be7 10. Nc3 O-O 11. e5 Ne8 12. b3 Bb4 13. Rfd1 d5 14. Na4
Bxd2 15. Rxd2 b5 16. Nb6 Rb8 17. Nxc8 Rxc8 18. c4 bxc4 19. bxc4 d4 20. Bf5 Rd8
21. e6 fxe6 22. Bxe6+ Kh8 23. c5 Rf6 24. Bb3 Nc7 25. Rad1 Nb5 26. a4 Nc3 27.
Rxd4 Rxd4 28. Rxd4 Ne2+ 29. Kf1 Nxd4 30. Bc4 Rf5 31. g3 Rxc5 32. Bd3 Ra5 33. f4
Rxa4 34. g4 Nb5 35. h3 Rxf4+ 36. Ke2 Rb4 37. h4 Rxg4 38. h5 Rh4 39. Kd2 Rxh5
40. Be2 Rh4 41. Kd3 Nd6 42. Bf3 c5 43. Ke3 b5 44. Bc6 b4 45. Bd5 c4 46. Kd2
Rd4+ 47. Ke3 Rxd5 48. Kf4 g6 49. Kg4 c3 50. Kf4 c2 51. Kg3 c1=Q 52. Kf3 Qc3+
53. Ke2 Rd2+ 54. Ke1 Qc1# 0-1

[Event "III Torneo A Inverno Vomero"]
[Site "Napoli ITA"]
[Date "2008.01.10"]
[Round "1"]
[White "Caiazzo, Diego"]
[Black "Ricci, Giuseppe"]
[Result "1-0"]
[WhiteElo "2060"]
[BlackElo "1935"]
[PlyCount "63"]
[EventDate "2008.01.10"]

1. d4 d5 2. Nf3 Nf6 3. e3 c6 4. Bd3 Nbd7 5. O-O Qc7 6. Nbd2 e6 7. c3 Bd6 8. b3
O-O 9. Bb2 e5 10. dxe5 Nxe5 11. Nxe5 Bxe5 12. h3 Be6 13. Nf3 Bd6 14. Nd4 Ne4
15. Bxe4 dxe4 16. Nxe6 fxe6 17. Qg4 Rf6 18. Qxe4 Raf8 19. c4 Rg6 20. f4 Qe7 21.
Be5 Bc5 22. Bd4 Bxd4 23. exd4 Qh4 24. Rf3 Rgf6 25. Raf1 g5 26. g4 gxf4 27. Qe5
Rg6 28. Kh2 Rh6 29. g5 Rg6 30. Rxf4 Rxf4 31. Rxf4 Qxg5 32. Qb8+ 1-0

[Event "III Torneo A Inverno Vomero"]
[Site "Napoli ITA"]
[Date "2008.01.10"]
[Round "1"]
[White "Cosenza, Gianni"]
[Black "Chiummo, Sergio"]
[Result "1-0"]
[WhiteElo "2018"]
[BlackElo "1926"]
[PlyCount "63"]
[EventDate "2008.01.10"]

1. e4 e6 2. d4 d5 3. Nd2 Be7 4. e5 Nh6 5. Bd3 c5 6. c3 Nc6 7. Ne2 Bd7 8. O-O
O-O 9. Nf3 Nf5 10. dxc5 Bxc5 11. Bxf5 exf5 12. Qxd5 Be7 13. Ned4 Nxd4 14. Nxd4
Qc8 15. Be3 Rd8 16. Qf3 g6 17. Rfe1 Bf8 18. Bg5 Re8 19. Qf4 Qc5 20. Rad1 Qb6
21. Re2 Rac8 22. Rde1 Be6 23. Nxe6 Qxe6 24. Qa4 f4 25. Qxf4 Rc4 26. Qf3 Rg4 27.
Be3 Bg7 28. Bd4 Rg5 29. a3 h5 30. h4 Rg4 31. g3 Qe7 32. e6 1-0

[Event "III Torneo A Inverno Vomero"]
[Site "Napoli ITA"]
[Date "2008.01.10"]
[Round "1"]
[White "De Rosa, Mariagrazia"]
[Black "Colucci, Stefano"]
[Result "0-1"]
[WhiteElo "2095"]
[BlackElo "1973"]
[PlyCount "72"]
[EventDate "2008.01.10"]

1. e4 c5 2. Nf3 d6 3. d4 cxd4 4. Nxd4 Nf6 5. f3 a6 6. c4 Nc6 7. Be3 Qc7 8. Nc3
e5 9. Nb3 b6 10. Rc1 Qd8 11. Be2 Be7 12. O-O O-O 13. Qd2 Ra7 14. Nd5 Nd7 15.
Rfd1 Re8 16. Nxe7+ Rxe7 17. Bg5 Nf6 18. Qxd6 Qe8 19. Bf1 Re6 20. Qd2 Rd7 21.
Qf2 Ne7 22. c5 b5 23. g3 Rc6 24. Na5 Rxd1 25. Rxd1 Rc7 26. Rd6 Nc6 27. Qd2 Nd4
28. Qe3 Rxc5 29. Bxf6 gxf6 30. Rxf6 Kf8 31. Qh6+ Ke7 32. Rb6 Ne6 33. Qd2 Qd8
34. Nc6+ Rxc6 35. Qb4+ Qd6 36. Qxd6+ Kxd6 0-1

[Event "III Torneo A Inverno Vomero"]
[Site "Napoli ITA"]
[Date "2008.01.10"]
[Round "1"]
[White "Della Ragione, Achille"]
[Black "Gallo, Thomas Renato"]
[Result "1-0"]
[WhiteElo "1996"]
[BlackElo "1885"]
[PlyCount "51"]
[EventDate "2008.01.10"]

1. c4 Nf6 2. Nc3 e6 3. e4 Be7 4. e5 Ng8 5. Qg4 g5 6. Qh5 Nc6 7. Nf3 Nb4 8. Kd1
b6 9. a3 Nc6 10. d4 h6 11. Kc2 Bb7 12. d5 Nb8 13. Be3 Kf8 14. Rd1 d6 15. dxe6
fxe6 16. Nd4 Bc8 17. Qf3+ Kg7 18. Qxa8 Bd7 19. f4 gxf4 20. Bxf4 Bg5 21. Qf3 Ne7
22. Bxg5 hxg5 23. Qf6+ Kg8 24. Qxg5+ Kf8 25. Qf6+ Kg8 26. Rd3 1-0

[Event "III Torneo A Inverno Vomero"]
[Site "Napoli ITA"]
[Date "2008.01.10"]
[Round "1"]
[White "Improta, Giovanni"]
[Black "Di Giulio, Massimo"]
[Result "0-1"]
[WhiteElo "1900"]
[BlackElo "2011"]
[PlyCount "86"]
[EventDate "2008.01.10"]

1. Nf3 Nf6 2. g3 g6 3. Bg2 Bg7 4. d3 Nc6 5. e4 e5 6. Bg5 h6 7. Bd2 O-O 8. c4 d6
9. b4 Be6 10. Qc1 Kh7 11. b5 Ne7 12. Nc3 Qd7 13. h3 Nfg8 14. g4 c6 15. g5 h5
16. a4 d5 17. c5 d4 18. bxc6 Qxc6 19. Nb5 Rfc8 20. Bb4 b6 21. Qd2 bxc5 22. Rc1
Qb6 23. Ba5 Qc6 24. O-O a6 25. Nbxd4 exd4 26. e5 Bd5 27. Nxd4 Qxa4 28. Nf3 Nf5
29. Bc3 Nge7 30. e6 fxe6 31. Bxg7 Kxg7 32. Qc3+ Nd4 33. Rfe1 Kh7 34. Nxd4 cxd4
35. Qd2 Qd7 36. Qf4 Nf5 37. Qe5 Bxg2 38. Kxg2 Qd5+ 39. Qxd5 exd5 40. Rb1 Rc7
41. Re5 Rd7 42. Rb6 a5 43. Ree6 a4 0-1

[Event "III Torneo A Inverno Vomero"]
[Site "Napoli ITA"]
[Date "2008.01.10"]
[Round "1"]
[White "Lombardo, Michele"]
[Black "Della Corte, Alessandro"]
[Result "1/2-1/2"]
[WhiteElo "1995"]
[BlackElo "2248"]
[PlyCount "119"]
[EventDate "2008.01.10"]

1. e4 d5 2. exd5 Qxd5 3. Nc3 Qd6 4. g3 Nf6 5. Bg2 c6 6. h3 Bf5 7. Nge2 e6 8. d3
Qc7 9. Bf4 Bd6 10. Bxd6 Qxd6 11. O-O Nbd7 12. Ne4 Bxe4 13. dxe4 Qxd1 14. Raxd1
e5 15. f4 Ke7 16. fxe5 Nxe5 17. Nd4 g6 18. Nf3 Nxf3+ 19. Rxf3 Rad8 20. Rdf1 Nd7
21. Rxf7+ Ke6 22. h4 Nb6 23. Rxb7 Rd2 24. Rf2 Rd1+ 25. Kh2 Nc4 26. Bh3+ Ke5 27.
Re7+ Kd4 28. Rd7+ Ke3 29. Rxd1 Kxf2 30. b3 Ne5 31. Rf1+ Ke3 32. Kg2 Rd8 33. Rf2
Rd1 34. Be6 h5 35. Bc8 Rc1 36. Ba6 Kxe4 37. Bc8 Ke3 38. Be6 Rd1 39. b4 Rb1 40.
Bb3 Ng4 41. Rf3+ Ke2 42. Bc4+ Kd2 43. Bd3 Ne5 44. Rf6 Rxb4 45. Bxg6 Nxg6 46.
Rd6+ Ke3 47. Re6+ Re4 48. Rxg6 Rc4 49. Rg5 Rxc2+ 50. Kh3 c5 51. Rxh5 c4 52. Ra5
c3 53. Rxa7 Rb2 54. Rc7 c2 55. h5 Rxa2 56. g4 Kf4 57. Rc4+ Kg5 58. Rc5+ Kf4 59.
Rc4+ Kg5 60. Rc5+ 1/2-1/2

[Event "III Torneo A Inverno Vomero"]
[Site "Napoli ITA"]
[Date "2008.01.10"]
[Round "1"]
[White "Nardiello, Luigi"]
[Black "Ficco, Corrado"]
[Result "0-1"]
[WhiteElo "1977"]
[BlackElo "2155"]
[PlyCount "66"]
[EventDate "2008.01.10"]

1. e4 c5 2. Nf3 e6 3. d4 cxd4 4. Nxd4 Nf6 5. Nc3 Nc6 6. Nb3 Bb4 7. Bd3 d5 8.
exd5 Nxd5 9. Bd2 Nxc3 10. bxc3 Be7 11. Qh5 Qd5 12. Qxd5 exd5 13. O-O-O O-O 14.
h4 Bf6 15. f3 Ne5 16. Kb2 a5 17. Bg5 a4 18. Bxf6 Nxd3+ 19. cxd3 axb3 20. Be7
Re8 21. Rhe1 Rxa2+ 22. Kxb3 Rxg2 23. Bd6 Be6 24. Ra1 Rc8 25. d4 Rd2 26. Re3 h5
27. Rg1 Rc6 28. Bb4 Rh2 29. Be7 Rb6+ 30. Ka3 Bd7 31. Re5 Ra6+ 32. Kb4 Rb2+ 33.
Kc5 Rb5# 0-1

[Event "III Torneo A Inverno Vomero"]
[Site "Napoli ITA"]
[Date "2008.01.10"]
[Round "1"]
[White "Radice, Mario"]
[Black "Pinto, Gaetano"]
[Result "0-1"]
[WhiteElo "1951"]
[BlackElo "2061"]
[PlyCount "114"]
[EventDate "2008.01.10"]

1. e4 e6 2. d4 d5 3. e5 c5 4. c3 Nc6 5. Nf3 Qb6 6. Bd3 cxd4 7. cxd4 Bd7 8. O-O
Nxd4 9. Nbd2 Nxf3+ 10. Nxf3 Bb5 11. Be3 Bc5 12. Bxc5 Qxc5 13. Rc1 Qb6 14. Bxb5+
Qxb5 15. Rc7 Nh6 16. Nd4 Qa6 17. Qb3 O-O 18. Qxb7 Qxb7 19. Rxb7 Rfb8 20. Rxb8+
Rxb8 21. Rb1 Rc8 22. f3 Kf8 23. b4 Ke7 24. b5 Kd7 25. Nc6 Rc7 26. a4 Kc8 27. a5
Nf5 28. Rc1 Kb7 29. Kf2 Nd4 30. Nd8+ Kc8 31. Rxc7+ Kxc7 32. Nxf7 Nxb5 33. Ng5
Kd7 34. Nxh7 Na3 35. f4 a6 36. Ng5 Ke7 37. h4 Nc4 38. h5 Nxa5 39. Nf3 Nc6 40.
Ke3 Kf7 41. g4 Ne7 42. Nd4 Ng8 43. f5 exf5 44. gxf5 Ne7 45. Kf4 a5 46. Kg5 a4
47. e6+ Kf8 48. f6 gxf6+ 49. Kxf6 a3 50. Ke5 Nc6+ 51. Nxc6 a2 52. Kxd5 a1=Q 53.
Kd6 Ke8 54. e7 Qf6+ 55. Kc7 Qg5 56. Kd6 Qh6+ 57. Kc7 Qe6 0-1

[Event "III Torneo A Inverno Vomero"]
[Site "Napoli ITA"]
[Date "2008.01.10"]
[Round "1"]
[White "Rosato, Luciano"]
[Black "Capozzoli, Silvio"]
[Result "1-0"]
[WhiteElo "2206"]
[BlackElo "1984"]
[PlyCount "67"]
[EventDate "2008.01.10"]

1. Nf3 g6 2. d4 Bg7 3. c4 c5 4. d5 Nf6 5. Nc3 d6 6. e4 O-O 7. Be2 Nbd7 8. O-O
a6 9. a4 Ne8 10. Bg5 h6 11. Bh4 Nef6 12. Ne1 Ne5 13. f4 Neg4 14. Qd3 Nh5 15. h3
Bd4+ 16. Kh1 Ngf6 17. Nc2 g5 18. fxg5 hxg5 19. Bxg5 Be5 20. Rf3 Kh8 21. Qe3 Nh7
22. Raf1 f6 23. Bh4 Rg8 24. g4 Ng7 25. Ne1 Bd7 26. Nd3 Be8 27. Nxe5 dxe5 28.
Qxc5 Rc8 29. Qe3 Bg6 30. Qh6 Ne8 31. g5 fxg5 32. Rf8 Qd7 33. Rxg8+ Kxg8 34.
Qxg6+ 1-0

[Event "III Torneo A Inverno Vomero"]
[Site "Napoli ITA"]
[Date "2008.01.10"]
[Round "1"]
[White "Schiappoli, Dario"]
[Black "Valenzi, Marco"]
[Result "1-0"]
[WhiteElo "1931"]
[BlackElo "2028"]
[PlyCount "109"]
[EventDate "2008.01.10"]

1. e4 c5 2. Nf3 d6 3. d4 cxd4 4. Nxd4 Nf6 5. Nc3 g6 6. h4 h5 7. f3 Nc6 8. Be3
Bg7 9. Qd2 Bd7 10. O-O-O Qa5 11. Nxc6 bxc6 12. Bc4 Rb8 13. Rhe1 O-O 14. e5 dxe5
15. Bh6 Bf5 16. Bxg7 Kxg7 17. Qg5 Qb4 18. Bb3 Nh7 19. Qe3 f6 20. f4 Qxf4 21.
Qxf4 exf4 22. Rxe7+ Kh6 23. Rf1 g5 24. g3 Bh3 25. Rh1 Bg2 26. Rg1 f3 27. Bc4
Rbe8 28. Rxa7 f5 29. Rc7 Rf6 30. Rd7 f4 31. Bd3 Nf8 32. hxg5+ Kxg5 33. gxf4+
Kxf4 34. Rd4+ Kg3 35. Re4 Rfe6 36. Kd2 h4 37. Ke3 h3 38. Rxe6 Nxe6 39. Ne4+ Kh2
40. Re1 Ng5 41. Kf2 Nxe4+ 42. Rxe4 Rg8 43. Re6 Bh1 44. Rg6 Rc8 45. Bf5 Rc7 46.
a4 c5 47. a5 c4 48. Be4 Bg2 49. Rf6 Re7 50. Bxf3 Bxf3 51. Rxf3 Rd7 52. a6 Rd2+
53. Kf1 Rd1+ 54. Ke2 Ra1 55. Ra3 1-0

[Event "III Torneo A Inverno Vomero"]
[Site "Napoli ITA"]
[Date "2008.01.17"]
[Round "2"]
[White "Capozzoli, Silvio"]
[Black "Improta, Giovanni"]
[Result "0-1"]
[WhiteElo "1984"]
[BlackElo "1900"]
[PlyCount "107"]
[EventDate "2008.01.10"]

1. e4 Nf6 2. e5 Nd5 3. Nc3 Nxc3 4. bxc3 c6 5. d4 d5 6. Bd3 e6 7. Qg4 g6 8. Nf3
c5 9. O-O c4 10. Be2 Be7 11. h4 h6 12. h5 g5 13. Nh2 Kd7 14. Bxc4 dxc4 15. d5
Ke8 16. d6 Bf8 17. Qxc4 Nc6 18. Ng4 Bg7 19. Qc5 Bd7 20. Re1 Rc8 21. Qe3 Qa5 22.
Bd2 Qa4 23. Qf3 Qxc2 24. Nf6+ Bxf6 25. Qxf6 Rf8 26. Be3 Qh7 27. f4 Qh8 28. fxg5
hxg5 29. h6 Qxf6 30. exf6 g4 31. Rab1 b6 32. Kf2 Ne5 33. Rh1 Rxc3 34. Ke2 Rc2+
35. Bd2 Ng6 36. Kd3 Rc6 37. Bb4 Nf4+ 38. Kd4 Rh8 39. Rbf1 Ne2+ 40. Ke3 Ng3 41.
Rfg1 Nxh1 42. Rxh1 a5 43. Be1 Rxd6 44. Bg3 Rc6 45. Kf4 Rc4+ 46. Kg5 Rg8+ 47.
Kh4 Rg6 48. Bf4 Rxf4 49. Kg3 Rfxf6 50. h7 Rh6 51. h8=Q+ Rxh8 52. Rxh8+ Ke7 53.
Rb8 e5 54. Rb7 0-1

[Event "III Torneo A Inverno Vomero"]
[Site "Napoli ITA"]
[Date "2008.01.17"]
[Round "2"]
[White "Colucci, Stefano"]
[Black "Caiazzo, Diego"]
[Result "1/2-1/2"]
[WhiteElo "1973"]
[BlackElo "2060"]
[PlyCount "67"]
[EventDate "2008.01.10"]

1. e4 e6 2. d3 c5 3. Nf3 d6 4. g3 Nf6 5. Bg2 Be7 6. O-O O-O 7. Nbd2 Nc6 8. Re1
Qc7 9. Nf1 Bd7 10. b3 Rad8 11. Bb2 Bc8 12. Ne3 Nd7 13. Rc1 Bf6 14. c3 Qb8 15.
d4 Nb6 16. Ng4 Be7 17. e5 dxe5 18. Ngxe5 Nxe5 19. Nxe5 cxd4 20. cxd4 Nd5 21.
Qc2 Bf6 22. Bf1 g6 23. Ba3 Be7 24. Bxe7 Nxe7 25. Qd2 Qd6 26. Re4 Nf5 27. Rc4 f6
28. Ng4 e5 29. Nh6+ Kh8 30. Qc1 Nxd4 31. Rxc8 Rxc8 32. Qxc8 Kg7 33. Qc1 f5 34.
Re3 1/2-1/2

[Event "III Torneo A Inverno Vomero"]
[Site "Napoli ITA"]
[Date "2008.01.17"]
[Round "2"]
[White "Della Corte, Alessandro"]
[Black "Sabia, Corrado"]
[Result "1/2-1/2"]
[WhiteElo "2248"]
[BlackElo "2174"]
[PlyCount "105"]
[EventDate "2008.01.10"]

1. Nf3 d5 2. d4 c5 3. dxc5 Nc6 4. c4 e6 5. cxd5 exd5 6. e3 Bxc5 7. Be2 Nf6 8.
a3 a6 9. O-O O-O 10. b4 Bb6 11. Bb2 Re8 12. Nd4 Ne4 13. Nxc6 bxc6 14. Bd4 Bc7
15. Nd2 Qd6 16. g3 Ng5 17. Nf3 Ne4 18. Qc2 Qh6 19. Rac1 Re6 20. Nh4 g5 21. Nf3
Qh3 22. Rfd1 Rh6 23. Bf1 Qh5 24. Bg2 Bg4 25. Qe2 Re8 26. Rc2 Bxf3 27. Qxf3 g4
28. Qe2 Ng5 29. h4 Nf3+ 30. Kf1 Qf5 31. Bxf3 gxf3 32. Qd3 Qh3+ 33. Ke1 a5 34.
b5 a4 35. Rxc6 Rxc6 36. bxc6 Qe6 37. Rc1 Ba5+ 38. Kd1 Rb8 39. Qa6 Bc7 40. Qxa4
Qe4 41. Qc2 Qg4 42. Rb1 Re8 43. Rb7 Bxg3 44. Kc1 Bd6 45. Kb1 Bxa3 46. c7 Bd6
47. Qc6 Qg1+ 48. Kb2 Qxf2+ 49. Kb3 Rxe3+ 50. Bxe3 Qxe3+ 51. Ka2 Qd2+ 52. Kb1
Qd3+ 53. Ka2 1/2-1/2

[Event "III Torneo A Inverno Vomero"]
[Site "Napoli ITA"]
[Date "2008.01.17"]
[Round "2"]
[White "Di Giulio, Massimo"]
[Black "Rosato, Luciano"]
[Result "0-1"]
[WhiteElo "2011"]
[BlackElo "2206"]
[PlyCount "56"]
[EventDate "2008.01.10"]

1. b3 e5 2. Bb2 Nc6 3. e3 d5 4. Bb5 Bd6 5. f4 f6 6. Qh5+ g6 7. Qh4 exf4 8. Nf3
Bd7 9. O-O Ne5 10. Bxd7+ Qxd7 11. exf4 Nxf3+ 12. Rxf3 Qe7 13. Nc3 Bc5+ 14. Kh1
O-O-O 15. Na4 Bd6 16. Re1 Qf7 17. Rfe3 b5 18. f5 bxa4 19. bxa4 Ne7 20. Rb3 Nxf5
21. Qh3 Rhe8 22. Rf1 Qe6 23. Bxf6 Qxf6 24. Qd3 Qe5 25. Qa6+ Kd7 26. Qb5+ c6 27.
Qb7+ Bc7 28. Rc3 Qxh2# 0-1

[Event "III Torneo A Inverno Vomero"]
[Site "Napoli ITA"]
[Date "2008.01.17"]
[Round "2"]
[White "Ficco, Corrado"]
[Black "Della Ragione, Achille"]
[Result "1-0"]
[WhiteElo "2155"]
[BlackElo "1996"]
[PlyCount "65"]
[EventDate "2008.01.10"]

1. e4 d5 2. exd5 Nf6 3. c4 c6 4. d4 cxd5 5. Nc3 e6 6. c5 b6 7. b4 a5 8. Na4
bxc5 9. bxc5 Nfd7 10. Bb5 Ba6 11. Qd3 Qc7 12. Nb6 Bxb5 13. Nxa8 Bxd3 14. Nxc7+
Kd8 15. Na8 e5 16. Be3 exd4 17. Bxd4 Nxc5 18. O-O-O Bc4 19. Nb6 Bxa2 20. Nf3
Kc7 21. Nxd5+ Bxd5 22. Be5+ Kc6 23. Bxb8 Bxf3 24. gxf3 Ne6 25. Be5 Bb4 26. Kc2
Rc8 27. Kb1 Ra8 28. Rc1+ Kb5 29. Rhd1 f6 30. Rd5+ Ka4 31. Bd6 Ng5 32. Bxb4 axb4
33. Kb2 1-0